000 00913nam a22002657a 4500
001 5577
003 FISKH
005 20241218144725.0
008 241218b cb ||||| |||| 00| 0 eng d
020 _a9781338254297
040 _aFISKH
_beng
_cFISKH
_dFISKH
050 _aPZ7
082 _a457
100 _aRusu, Meredith
245 _aAshyln's fall fiesta /
_cAdapted by Meredith Rusu from the screenplay by Kati Rocky
260 _aNew York :
_bScholastic,
_c2018.
300 _a26 pages :
_bcolor illustrations ;
_c23 cm
505 _aK
520 _aAshlyn's fall fiesta is going perfectly, until the wind comes and ruins everything! Can the other WellieWishers help Ashlyn have fun at the party, even when things don't go as planned?
521 8 _a520
_bLexile
521 8 _aK
_bRaz-Plus
650 _aChildren's Literature
_vAmerican Girl
942 _2ddc
_cBK
_n0
999 _c5577
_d5577